00600nam a2200169Ia 4500008004100000020002200041050002100063110001100084240001800095245005700113250000700170260003500177300002700212650007100239952010300310999001700413120630s9999 xx 000 0 und d a978-607-406-117-8 aKGF3230 A28 2010 aMexico a[Leyes, etc.] aAgenda de la administración pública federal 2010 a23 aMéxico : Eds. Fiscales ISEF a[paginación variada] aDerecho Administrativo - Mexico\Proceso Administrativo - MexicoÌ 00102lcc4070a19b19d0000-00-00l0oKGF3230 A28 2010p19 000622r2013-09-17t1w2013-09-17yLB c78175d78175